000
00519nam a2200181Ia 4500
008
090123s9999 xx 000 0 und d
082
_b
42394
100
_a
नलगे दिलीप
245
_a
जननायक शरद पवार
250
_a
1
260
_c
2007
300
_a
176
600
_a
नलगे दिलीप
630
_a
जननायक शरद पवार
700
_a
नलगे दिलीप
730
_a
जननायक शरद पवार
942
_c
BOOK
999
_c
80470
_d
80470